00804nam a2200217 a 450000100100000000500170001000800410002702000150006804000250008308200230010810000210013124501430015226000330029530000280032850000210035665000490037765000190042665000460044565000360049171000590052700000504220240510192657.0090729s1998 dr a r 000 0 spa d a8489539820 aDO-SdBNPbspacBNPHU a363.7097293bB585m1 aBidó, Héctor10aMedio ambiente de la isla de Santo Domingo :bprincipios, fundamentos y enfoques para el control de la contaminación /cHéctor Bidó. aSanto Domingo :bUCE,c1998. a608 p. :bil. ;c23 cm. aIncluye índice 4aPolítica ambientalzRepública Dominicana 0aMedio ambiente 4aControl ambientalzRepública Dominicana 4aProtección del medio ambiente2 aUniversidad Central del Leste (República Dominicana)